00342cam a22000977a 4500008004000000082001800040245007400058260005000132300001000182700005200192180718b1959 xxu||||| |||| 00| 0 eng d aP422x42 Lin3p aPrimary educationcby Her Majesty's Stationery Office, United Kingtom aLondonbHer Majesty's Stationery Officec1959 a334p. aUnited Kingtom. Her Majesty's Stationery Office